Galatasaray Women's Volleyball Current Squad by Photos(24/25) - Statistics

General Stats
  • This quiz has been taken 11 times
  • The average score is 10 of 14
Answer Stats
Picture Answer % Correct
İlkin Aydın
100%
Alexia Carutasu
90%
Eylül Akarçeşme Yatgın
90%
Yasemin Güveli
90%
Ayçin Akyol
80%
Katarina Lazović Dangubić
80%
Britt Bongaerts
70%
Eline Timmerman
70%
Yasemin Özel
70%
Ann Kalandadze
60%
Bihter Dumanoğlu Yarkın
60%
Sude Hacımustafaoğlu
60%
Ceylan Arısan
40%
Aslıhan Kılıç
10%
No matching quizzes found
Score Distribution
Percent of People with Each Score
Percentile by Number Answered
Your Score History
You have not taken this quiz